Bytový dom

Saved in:
Bibliographic Details
Main Author: Staňa, Filip (Author)
Other Authors: Držka, Milan (Thesis advisor)
Format: Manuscript Book
Language:Slovak
Published: 2017
Subjects:
Online Access:http://is.stuba.sk/zp/portal_zp.pl?podrobnosti=108267
https://opac.crzp.sk/?fn=detailBiblioForm&sid=DF521320909666631D73EAF290DD
Tags: Add Tag
No Tags, Be the first to tag this record!

MARC

LEADER 00000ntm a22000003a 4500
001 stuzp62912
003 SK-STU
005 20230609105450.7
007 ta
008 150427s2015----xo-----f-mn---000-0-slo-d
040 |a STU  |b slo 
041 0 |a slo 
100 1 |a Staňa, Filip  |u 010180  |4 aut  |U SvF Stavebná fakulta  |T SvF Katedra konštrukcií pozemných stavieb  |X 62973  |U V180  |Y 18  |7 62973 
242 0 1 |a Apartment dwelling house  |y eng 
245 1 0 |a Bytový dom 
260 |c 2017 
650 4 |a polyfunkcia  |2 slo 
650 4 |a bytový dom  |2 slo 
650 4 |a tepelnotechnické posúdenie  |2 slo 
650 4 |a apartment house  |2 eng 
650 4 |a multifunctional space  |2 eng 
650 4 |a thermal-technological assessment  |2 eng 
700 1 |a Držka, Milan  |u 010180  |k Z1  |4 ths  |U SvF Stavebná fakulta  |T SvF Katedra konštrukcií pozemných stavieb  |X 975  |U V180  |Y 18  |7 A000000975 
856 4 |u http://is.stuba.sk/zp/portal_zp.pl?podrobnosti=108267 
856 4 |u https://opac.crzp.sk/?fn=detailBiblioForm&sid=DF521320909666631D73EAF290DD